LEADER 01541nam 2200385 n 450 001 996387381703316 005 20221107224533.0 035 $a(CKB)1000000000630310 035 $a(EEBO)2240904151 035 $a(UnM)99864171 035 $a(EXLCZ)991000000000630310 100 $a19931013d1648 uy | 101 0 $aeng 135 $aurbn||||a|bb| 200 14$aThe declaration of Mr. Alexander Henderson, principall minister of the word of God at Edenbrough, and chiefe commissioner from the Kirk of Scotland to the Parliament and Synod of England$b[electronic resource] $emade upon his death-bed 210 $a[London $cs.n.]$dPrinted, an. Dom. 1648 215 $a[4], 11, [1] p 300 $aThe first leaf features patristic and Biblical passages. 300 $aPages 2-3 misnumbered 6 and 7. 300 $aAnnotation on Thomason copy: "May. 16. London". 300 $aReproduction of the original in the British Library. 330 $aeebo-0018 606 $aChurch and state$zScotland$vEarly works to 1800 606 $aLast words 615 0$aChurch and state 615 0$aLast words. 700 $aHenderson$b Alexander$f1583?-1646.$01003757 801 0$bCu-RivES 801 1$bCu-RivES 801 2$bCStRLIN 801 2$bWaOLN 906 $aBOOK 912 $a996387381703316 996 $aThe declaration of Mr. Alexander Henderson, principall minister of the word of God at Edenbrough, and chiefe commissioner from the Kirk of Scotland to the Parliament and Synod of England$92363204 997 $aUNISA LEADER 04812nam 22007695 450 001 9910299672203321 005 20260331225136.0 010 $a3-319-11023-3 024 7 $a10.1007/978-3-319-11023-3 035 $a(CKB)3710000000311792 035 $a(EBL)1968102 035 $a(SSID)ssj0001408092 035 $a(PQKBManifestationID)11856269 035 $a(PQKBTitleCode)TC0001408092 035 $a(PQKBWorkID)11347745 035 $a(PQKB)10903412 035 $a(DE-He213)978-3-319-11023-3 035 $a(MiAaPQ)EBC1968102 035 $a(PPN)183153863 035 $a(EXLCZ)993710000000311792 100 $a20141205d2015 u| 0 101 0 $aeng 135 $aur|n|---||||| 181 $ctxt 182 $cc 183 $acr 200 10$aAdvances in Water Resources Engineering /$fedited by Chih Ted Yang, Lawrence K. Wang 205 $a1st ed. 2015. 210 1$aCham :$cSpringer International Publishing :$cImprint: Springer,$d2015. 215 $a1 online resource (577 p.) 225 1 $aHandbook of Environmental Engineering,$x2512-1359 ;$v14 300 $aDescription based upon print version of record. 311 08$a3-319-11022-5 320 $aIncludes bibliographical references at the end of each chapters. 327 $a1. Watershed Sediment Dynamics and Modeling: A Watershed Modeling System for the Yellow River -- 2. Integrated Simulation of Interactive Surface Water and Ground Water Systems -- 3. River-Channel Stabilization with Submerged Vanes -- 4. Mathematic Modeling of Non-Equilibrium Sediment Transport, Reservoir Sedimentation, and Fluvial Processes -- 5. Minimum Energy Dissipation Rate Theory and its Applications for Water Resources Engineering -- 6. Hydraulic Modeling Development and Applications in Water Resources -- 7. Geophysical Methods for the Assessment of Earthen Dams -- 8. Soil Erosion on Upland Areas by Rainfall and Overland Flow -- 9. Advances in Geofluvial Modeling: Methodologies and Applications -- 10. Environmental and Water Engineering Glossary. 330 $aThe Handbook of Environmental Engineering is a collection of methodologies that study the effects of pollution and waste in their three basic forms: gas, solid, and liquid. A sister volume to Volume 15: Modern Water Resources Engineering, this volume focuses on the theory and analysis of various water resources systems including watershed sediment dynamics and modeling, integrated simulation of interactive surface water and groundwater systems, river channel stabilization with submerged vanes, non-equilibrium sediment transport, reservoir sedimentation, and fluvial processes, minimum energy dissipation rate theory and applications, hydraulic modeling development and application, geophysical methods for assessment of earthen dams, soil erosion on upland areas by rainfall and overland flow, geofluvial modeling methodologies and applications, and an environmental water engineering glossary. This critical volume will serve as a valuable reference work for advanced undergraduate and graduate students, designers of water resources systems, and scientists and researchers. 410 0$aHandbook of Environmental Engineering,$x2512-1359 ;$v14 606 $aWater$xPollution 606 $aFluid mechanics 606 $aEnvironmental sciences 606 $aEnvironmental engineering 606 $aBiotechnology 606 $aWaste Water Technology / Water Pollution Control / Water Management / Aquatic Pollution$3https://scigraph.springernature.com/ontologies/product-market-codes/U35040 606 $aEngineering Fluid Dynamics$3https://scigraph.springernature.com/ontologies/product-market-codes/T15044 606 $aEnvironmental Science and Engineering$3https://scigraph.springernature.com/ontologies/product-market-codes/G37000 606 $aEnvironmental Engineering/Biotechnology$3https://scigraph.springernature.com/ontologies/product-market-codes/U33000 615 0$aWater$xPollution. 615 0$aFluid mechanics. 615 0$aEnvironmental sciences. 615 0$aEnvironmental engineering. 615 0$aBiotechnology. 615 14$aWaste Water Technology / Water Pollution Control / Water Management / Aquatic Pollution. 615 24$aEngineering Fluid Dynamics. 615 24$aEnvironmental Science and Engineering. 615 24$aEnvironmental Engineering/Biotechnology. 676 $a333.7 676 $a363.7394 676 $a363.73946 676 $a620.1064 676 $a628 676 $a660.6 702 $aYang$b Chih Ted$f1940-$4edt$4http://id.loc.gov/vocabulary/relators/edt 702 $aWang$b Lawrence K.$4edt$4http://id.loc.gov/vocabulary/relators/edt 906 $aBOOK 912 $a9910299672203321 996 $aAdvances in Water Resources Engineering$92507750 997 $aUNINA